| 000 | 00703nam a2200229 i 4500 | ||
|---|---|---|---|
| 001 | 123556 | ||
| 003 | ES-MaACL | ||
| 005 | 20250801201859.0 | ||
| 007 | t| | ||
| 008 | 070214s1967 sp r ||||1| spa d | ||
| 100 | 1 |
_aRahner, Karl, _d1904-1984 _995012 |
|
| 245 | 1 | 0 |
_aAcademia teológica / _cKarl Rahner, Otto Semmelroth ; tradujo Daniel Ruiz Bueno. |
| 260 |
_aSalamanca : _bSígueme, _c1967. |
||
| 300 |
_a3 v. ; _c19 cm. |
||
| 490 | 1 |
_aEstela ; _v56-60 |
|
| 650 | 0 | 7 |
_aTeología _2embne _917457 |
| 700 | 1 |
_aSemmelroth, Otto. _9105392 |
|
| 700 | 1 |
_aRuiz Bueno, Daniel. _9100677 |
|
| 830 | 0 |
_aEstela ; _v56-60 _9181322 |
|
| 852 |
_aES-MaACL _jP-1222 _bR.63589 |
||
| 999 |
_c123556 _d123556 |
||